Aplikácia modelov hromadnej obsluhy pri plánovaní výrobnej kapacity kandidátska dizertačná práca

Salvato in:
Dettagli Bibliografici
Autore principale: Pinková, Dagmar
Ente Autore: Vysoká škola ekonomická v Bratislave. Fakulta riadenia
Altri autori: Unčovský, Ladislav
Natura: Libro
Lingua:slovacco
Pubblicazione: Bratislava 1980
Tags: Aggiungi Tag
Nessun Tag, puoi essere il primo ad aggiungerne!!

MARC

LEADER 00000nam a2200000 4500
001 c144104
005 20230116094951.9
041 0 |a slo 
044 |a SK 
245 1 0 |a Aplikácia modelov hromadnej obsluhy pri plánovaní výrobnej kapacity  |b kandidátska dizertačná práca  |c Dagmar Pinková ; Ved. Ladislav Unčovský 
264 1 |a Bratislava  |c 1980 
300 |a 157 s. 
100 1 |a Pinková, Dagmar 
700 1 |a Unčovský, Ladislav 
710 2 |a Vysoká škola ekonomická v Bratislave. Fakulta riadenia